| 000 | 00383 a2200169 4500 | ||
|---|---|---|---|
| 001 | 78993 | ||
| 020 | _a9780141010311 | ||
| 082 | _a813.5421 CUS | ||
| 090 |
_c39519 _d39519 |
||
| 100 | _aClive Cussler | ||
| 245 |
_aGolden Buddha _hEnglish |
||
| 250 | _a1 | ||
| 260 |
_aEngland _bPenguin Books Ltd _c2005 |
||
| 300 | _a527 | ||
| 500 | _aGeneral Books | ||
| 505 | _aNUST Books | ||
| 942 |
_aNUST-CAE _k813.5421CUS |
||
| 999 |
_c314066 _d314066 |
||